Click a Valid Country A-Z - Statistics

General Stats
  • This quiz has been taken 1,669 times
  • The average score is 22 of 24
Answers on the Map
Answers color-coded by a green-red scale on the quiz's map according to % correct below.
 
Answer Stats
Answer % Correct
A
94%
B
94%
C
93%
I
93%
M
93%
R
93%
E
92%
F
92%
P
92%
S
92%
U
92%
D
91%
G
91%
J
91%
N
91%
T
91%
L
90%
V
90%
K
89%
H
88%
Z
88%
Q
86%
O
84%
Y
84%
No matching quizzes found
Score Distribution
Percent of People with Each Score
Percentile by Number Answered
Your Score History
You have not taken this quiz